<?xml version="1.0" encoding="UTF-8"?><?xml-stylesheet type="text/xsl" href="static/style.xsl"?><OAI-PMH xmlns="http://www.openarchives.org/OAI/2.0/" xmlns:xsi="http://www.w3.org/2001/XMLSchema-instance" xsi:schemaLocation="http://www.openarchives.org/OAI/2.0/ http://www.openarchives.org/OAI/2.0/OAI-PMH.xsd"><responseDate>2026-04-14T05:47:07Z</responseDate><request verb="GetRecord" identifier="oai:www.recercat.cat:2445/216847" metadataPrefix="marc">https://recercat.cat/oai/request</request><GetRecord><record><header><identifier>oai:recercat.cat:2445/216847</identifier><datestamp>2025-12-05T10:31:58Z</datestamp><setSpec>com_2072_1057</setSpec><setSpec>col_2072_478770</setSpec><setSpec>col_2072_478917</setSpec></header><metadata><record xmlns="http://www.loc.gov/MARC21/slim" xmlns:dcterms="http://purl.org/dc/terms/" xmlns:xsi="http://www.w3.org/2001/XMLSchema-instance" xmlns:doc="http://www.lyncode.com/xoai" xsi:schemaLocation="http://www.loc.gov/MARC21/slim http://www.loc.gov/standards/marcxml/schema/MARC21slim.xsd">
   <leader>00925njm 22002777a 4500</leader>
   <datafield ind2=" " ind1=" " tag="042">
      <subfield code="a">dc</subfield>
   </datafield>
   <datafield ind2=" " ind1=" " tag="720">
      <subfield code="a">Motterle, Livia</subfield>
      <subfield code="e">author</subfield>
   </datafield>
   <datafield ind2=" " ind1=" " tag="260">
      <subfield code="c">2024-11-29T16:05:30Z</subfield>
   </datafield>
   <datafield ind2=" " ind1=" " tag="260">
      <subfield code="c">2024-11-29T16:05:30Z</subfield>
   </datafield>
   <datafield ind2=" " ind1=" " tag="260">
      <subfield code="c">2024</subfield>
   </datafield>
   <datafield ind2=" " ind1=" " tag="520">
      <subfield code="a">El desafío que me acompaña desde hace más de una década es habitar el feminismo pro derechos de las trabajadoras sexuales, hibridando la teoría feminista y el activismo. Intento politizar la investigación o, en&#xd;
otras palabras, comprometerme políticamente como antropóloga desde un punto de vista reflexivo y ético. En el 1949 Simone de Beauvoir afirmaba que se hizo feminista cuando reconoció su solidaridad con las otras mujeres en vez de su separación de ellas. Cuando en 2012 empecé&#xd;
por primera vez mi trabajo de campo en el barrio del Raval en Barcelona para comprender el fenómeno de la  prostitución callejera, la participación en acciones de protesta junto con trabajadoras sexuales me permitió comprender que defender sus derechos significa defender los derechos de todas las mujeres (cis, lesbianas y trans). Marchar en las manifestaciones junto a las trabajadoras sexuales, compartiendo lemas como «Yo también soy puta», me hizo reflexionar sobre mi propia condición de mujer. Después de pocos meses de mi trabajo de campo, me&#xd;
hice feminista. Puedo afirmar con orgullo que mi feminismo ha sido desde siempre el feminismo de las putas, por las putas, con las putas.</subfield>
   </datafield>
   <datafield tag="653" ind2=" " ind1=" ">
      <subfield code="a">Feminisme</subfield>
   </datafield>
   <datafield tag="653" ind2=" " ind1=" ">
      <subfield code="a">Prostitució</subfield>
   </datafield>
   <datafield tag="653" ind2=" " ind1=" ">
      <subfield code="a">Dret al treball</subfield>
   </datafield>
   <datafield tag="653" ind2=" " ind1=" ">
      <subfield code="a">Prostitution</subfield>
   </datafield>
   <datafield tag="653" ind2=" " ind1=" ">
      <subfield code="a">Right to labor</subfield>
   </datafield>
   <datafield tag="653" ind2=" " ind1=" ">
      <subfield code="a">Feminism</subfield>
   </datafield>
   <datafield ind2="0" ind1="0" tag="245">
      <subfield code="a">La lucha feminista por los derechos de las trabajadoras sexuales: retos y desafíos</subfield>
   </datafield>
</record></metadata></record></GetRecord></OAI-PMH>